Pembangunan kit instrumentasi virtual berasaskan komputer untuk pembelajaran pengukuran dalam Sains /
محفوظ في:
| المؤلف الرئيسي: | |
|---|---|
| التنسيق: | أطروحة كتاب |
| اللغة: | Malay |
| منشور في: |
2014.
|
| الموضوعات: | |
| الوسوم: |
إضافة وسم
لا توجد وسوم, كن أول من يضع وسما على هذه التسجيلة!
|
| LEADER | 01131cam a2200277 i 4500 | ||
|---|---|---|---|
| 001 | u1111914 | ||
| 003 | SIRSI | ||
| 005 | 201904251123 | ||
| 008 | 190425s2014 my a m 000 0 may | ||
| 040 | |a UMD |e rda | ||
| 090 | |a LB7 |b B1 UM 2014 Umizmh | ||
| 100 | 0 | |a Umi Zuraifah Md. Hashim, |e author. | |
| 245 | 1 | 0 | |a Pembangunan kit instrumentasi virtual berasaskan komputer untuk pembelajaran pengukuran dalam Sains / |c Umi Zuraifah Md.Hashim. |
| 264 | 1 | |c 2014. | |
| 300 | |a viii, 100 leaves : |b illustrations ; |c 30 cm. | ||
| 336 | |a text |2 rdacontent | ||
| 337 | |a unmediated |2 rdamedia | ||
| 338 | |a volume |2 rdacarrier | ||
| 502 | |b M.Sc.Ed. |c Jabatan Pengurusan, Perancang Dan Dasar, Fakulti Pendidikan Universiti Malaya |d 2014. | ||
| 504 | |a Bibliography: leaves 79-90. | ||
| 650 | 0 | |a Technological innovations. | |
| 650 | 0 | |a Science |x Education. | |
| 710 | 2 | |a Universiti Malaya. |b Jabatan Pengurusan, Perancangan dan Dasar Pendidikan |e degree granting institution. | |
| 900 | |a ND | ||
| 596 | |a 8 | ||
| 999 | |a LB7 B1 UM 2014 UMIZMH |w LC |c 1 |i A517320268 |d 16/12/2021 |e 16/12/2021 |f 15/12/2020 |g 1 |l STACKS |m P08PENDIDI |n 1 |r Y |s Y |t TESIS |u 15/12/2020 |1 AHSS | ||
